[Event "Interzonal-14c"]
[Site "Zagreb"]
[Date "1987.??.??"]
[Round "7"]
[White "Miles, Anthony John"]
[Black "Torre, Eugenio"]
[Result "1-0"]
[WhiteElo "2585"]
[BlackElo "2540"]
[Annotator "Ftacnik,L"]
[PlyCount "81"]
[EventDate "1987.08.01"]
[EventType "tourn"]
[EventRounds "17"]
[EventCountry "YUG"]
[EventCategory "12"]
[SourceTitle "CBM 004"]
[Source "ChessBase"]
[SourceDate "1988.06.01"]
[SourceVersion "1"]
[SourceVersionDate "1988.06.01"]
[SourceQuality "1"]

1. d4 d5 2. c4 c6 3. Nf3 Nf6 4. Nc3 dxc4 5. a4 Bf5 6. Ne5 e6 7. f3 Bb4 8. Bg5
h6 9. Bh4 c5 10. dxc5 Qxd1+ 11. Kxd1 Nbd7 12. Nxd7 O-O-O $1 13. e4 Rxd7+ 14.
Kc2 Bh7 15. c6 bxc6 16. Bxc4 Kb7 $6 $16 (16... Rhd8 $5 $14) 17. Rhd1 Rhd8 18.
Rxd7+ Rxd7 19. a5 $1 $36 (19. Bf2 a5) 19... Bd6 20. Bg3 Bxg3 (20... Nd5 $142 $1
21. Kb3 Ne3) 21. hxg3 Nd5 22. Kb3 $16 Nc7 (22... Ne3 23. Re1 Nxc4 (23... Nxg2
$2 24. Re2 $18) 24. Kxc4 Rd2 25. Re2 $16) 23. Rd1 $1 Rxd1 24. Nxd1 {>< c5} c5
25. Nc3 Kc6 26. Ka4 {/\ Nb5} a6 27. b4 $1 Bg6 (27... cxb4 28. Kxb4 {/\
Na4-c5+- >< a6}) 28. b5+ axb5+ 29. Nxb5 Na8 (29... Ne8 30. a6 Kb6 31. a7 Kb7
32. e5 {/\ Nd6} Ka8 33. Ka5 $18) (29... Nxb5 30. Bxb5+ Kd6 31. Be8 {/\ Kb5+-})
30. Bd3 $1 f6 31. Bc4 $1 $18 {>< e6} Kd7 (31... Bf7 32. f4 {/\ f5}) 32. Nc3 {
/\ Kb5} Nc7 33. a6 Kc6 34. Ka5 Be8 35. Nb5 Bd7 36. Nxc7 Kxc7 37. Bb5 Bc8 38. a7
Bb7 39. Bc4 Kd6 40. Kb6 Ba8 41. Ba6 1-0

[Event "FIDE World Cup"]
[Site "Khanty-Mansiysk"]
[Date "2005.12.01"]
[Round "2.2"]
[White "Gelfand, Boris"]
[Black "Felgaer, Ruben Alejandro"]
[Result "1/2-1/2"]
[WhiteElo "2717"]
[BlackElo "2636"]
[Annotator "Gelfand,B"]
[PlyCount "65"]
[EventDate "2005.11.27"]
[EventType "k.o."]
[EventRounds "7"]
[EventCountry "RUS"]
[SourceTitle "CBM 111"]
[Source "ChessBase"]
[SourceDate "2006.04.04"]
[SourceVersion "1"]
[SourceVersionDate "2006.04.04"]
[SourceQuality "1"]

1. d4 d5 2. c4 c6 3. Nf3 Nf6 4. Nc3 dxc4 5. a4 Bf5 6. Ne5 Nbd7 7. Nxc4 Nb6 8.
Ne5 a5 9. Bg5 Nfd5 $5 (9... h6 10. Bh4 Bh7 11. f3 e6 12. e4 Be7 13. Bf2 Nfd7
14. Nd3 O-O 15. Be2 Rc8 16. O-O c5 17. dxc5 Nxc5 18. Nxc5 Bxc5 19. Bxc5 Rxc5
20. Qxd8 Rxd8 21. Rfd1 Rcc8 (21... Rxd1+ 22. Rxd1 Kf8 23. Rd6 Rc6 24. Rd8+ Ke7
25. Rb8 Rc7 26. Kf2 $16 {Zhao Xue-Ruan Lufei/Beijing  2005}) 22. Rab1 $3 $146 (
22. Kf2 Kf8 {/\Nd7-c5} 23. Rxd8+ Rxd8 24. Ra3 {/\Ra3-b3} Rd4 $1) 22... Kf8 (
22... Nd7 23. Nb5 Nc5 24. Nd6 Rb8 (24... Rc6 25. Nc4 Ra8 26. Nxa5 Rcc8 27. Nc4
Nxa4 28. Rd2 $16) 25. Bb5 Kf8 26. Rbc1 b6 27. Nc4 $16) (22... Nd5 23. exd5 Bxb1
24. Rxb1 exd5 25. Bd3 $16) 23. Rxd8+ Rxd8 24. b4 Rd4 (24... Nd5 25. Nxd5 Rxd5
26. bxa5 Rxa5 27. Bb5 $16) 25. bxa5 Nxa4 26. Nd1 $1 $18 {Gelfand,B-Felgaer,R/
Khanty Mansyisk RUS 2005}) 10. e4 Nxc3 11. bxc3 Bxe4 12. Qb3 Bd5 13. c4 Be4 $1
$146 (13... Be6 $6 14. d5 Nxd5 15. cxd5 Bxd5 16. Bc4 f6 17. O-O-O fxe5 18. Bxd5
cxd5 19. Rxd5 Qc7+ 20. Kb1 $16 {1-0 Avrukh,B-Eriksson,M/Saint Vincent ITA 2005
(25)}) 14. Qe3 Bf5 15. d5 $5 f6 $1 (15... cxd5 16. c5 Nd7 17. Bb5 f6 18. O-O-O
fxe5 19. Rxd5 $18) 16. dxc6 (16. g4 $6 Bc8 17. dxc6 bxc6 18. Rd1 Nd7 19. Bg2
fxe5 20. Bxc6 Ra6 21. Bb5 Qc7 $17) 16... e6 $5 (16... bxc6 $142 17. Nxc6 Qc7
18. c5 Nd5 $1 (18... Nd7 19. Qf3 $1 fxg5 20. Qxf5 Qxc6 21. Bb5 Qc7 22. O-O-O
$16) 19. Qf3 (19. Qd4 e6 20. Bd2 Kf7 21. Bb5 Ne7 $13) 19... Bd7 $1 (19... e6
20. Be3 $36) 20. Qxd5 e6 21. Qb3 fxg5 (21... Qxc6 22. Bb5 $16) 22. Bb5 Bxc5 $13
) 17. cxb7 $2 (17. c5 $1 bxc6 18. Nxc6 Nd5 19. Nxd8 Nxe3 20. Bb5+ Kxd8 21. Bxe3
Kc7 22. O-O-O e5 23. f4 e4 (23... Bg4 24. fxe5 (24. Rd2 $5) 24... Bxd1 25. Rxd1
Rd8 26. e6 Rxd1+ 27. Kxd1 g5 28. Kc2 Be7 29. Kd3 Rd8+ 30. Kc4 $16) (23... Be7
24. fxe5 fxe5 25. Rhf1 Be6 26. Rf7 $1 Bxf7 27. Rd7+ Kb8 28. Rxe7 Ra7 29. Rxe5
$16) 24. Rd2 $16) 17... Bb4+ 18. Ke2 Rb8 19. g4 (19. Nc6 $2 Qc7 $19) 19... Nxc4
$6 (19... Qc7 $1 20. gxf5 fxe5 21. fxe6 $1 (21. Bg2 Qxc4+ 22. Qd3 Qg4+ 23. Kf1
Qxg5 $1 (23... O-O 24. h4 h6 25. f6 hxg5 26. Bh3 e4 27. Qc2 Qf3 28. Bxe6+ Rf7 (
28... Kh7 29. Rh3 $18) 29. Bxf7+ Kf8 $11) 24. Qb5+ Nd7 25. fxe6 O-O 26. exd7
Kh8 $40) (21. Qe4 O-O 22. fxe6 Bc5 $40) 21... Qxc4+ (21... h6 22. Bh4 Qxc4+ 23.
Qd3 Qxh4 (23... Qg4+ 24. Qf3 Qxe6 25. Bg3) 24. Qg6+ Kd8 25. Rd1+ Kc7 26. Rc1+
Nc4 27. Qd3 $13) 22. Qd3 Qg4+ 23. Qf3 Qxe6 24. Bh3 (24. Bg2 Qc4+ 25. Kd1 Rxb7
26. Qxb7 Qd3+ 27. Kc1 O-O $19) 24... Qc4+ 25. Qd3 $44) 20. Nxc4 Bxg4+ 21. f3
Bf5 (21... fxg5 $6 22. fxg4 Qd5 23. Rc1 $1 (23. Nb6 Qxh1 24. Qxe6+ Be7 25. Re1
(25. Qc8+ Kf7 26. Qf5+ $11) 25... Qxb7 $13) 23... O-O (23... Qxh1 24. Qxe6+ Kf8
25. Nd6 $1 Qxh2+ 26. Kf3 Qf4+ 27. Kg2 Rd8 28. Rc8 $18) 24. Rg1 Qxb7 (24... Bc5
25. Bg2 Bxe3 26. Bxd5 Bxc1 (26... Bxg1 27. Bxe6+ Kh8 28. Nd6) 27. Rxc1 (27.
Bxe6+ Kh8 28. Bd5 $16) 27... exd5 28. Nxa5 Kf7 29. Rb1 Rfe8+ 30. Kd3 Re6 31.
Rc1 Re7 32. Kd4 $18) 25. Bg2 Qd7 $16) 22. Bf4 Rxb7 23. Rd1 Rd7 24. Bg2 (24. Qb3
Rxd1 25. Qxd1 Qxd1+ 26. Kxd1 Ke7 $14) 24... Qc8 $2 (24... e5 $1 25. Nb6 Rxd1
26. Rxd1 Qc7 27. Rc1 Qf7 28. Bg3 O-O $44) 25. Qb3 e5 26. Rxd7 Bxd7 27. Rc1 Qa6
28. Bd2 $2 (28. Be3 $1 O-O 29. Kf2 Be6 30. Qd3 Qc6 (30... Rc8 31. Nxe5) 31. Nb6
Qe8 32. f4 $18) 28... O-O 29. Ke1 Be6 30. Bxb4 axb4 31. Qxb4 Rc8 $1 32. Bf1 Qc6
33. Rc3 (33. Rc3 e4 34. Re3 (34. Qb5 Qc7 35. fxe4 Qxh2 $16) 34... f5 $16 (34...
Bxc4 $2 35. Rc3)) 1/2-1/2

[Event "WchT 6th"]
[Site "Beersheba"]
[Date "2005.11.04"]
[Round "4.1"]
[White "Gelfand, Boris"]
[Black "Bu, Xiangzhi"]
[Result "1-0"]
[WhiteElo "2717"]
[BlackElo "2637"]
[Annotator "Gelfand,B"]
[PlyCount "107"]
[EventDate "2005.11.01"]
[EventType "team-tourn"]
[EventRounds "9"]
[EventCountry "ISR"]
[SourceTitle "CBM 110"]
[Source "ChessBase"]
[SourceDate "2006.01.31"]
[SourceVersion "1"]
[SourceVersionDate "2006.01.31"]
[SourceQuality "1"]
[WhiteTeam "Israel"]
[BlackTeam "China"]
[WhiteTeamCountry "ISR"]
[BlackTeamCountry "CHN"]

1. d4 d5 2. c4 c6 3. Nc3 Nf6 4. Nf3 dxc4 5. a4 Bf5 6. Ne5 Nbd7 7. Nxc4 Nb6 8.
Ne5 a5 9. Bg5 h6 10. Bh4 Nbd5 11. Qb3 (11. e3 e6 12. Bc4 Be7 13. O-O O-O 14.
Qf3 Bh7 15. Rfe1 Nd7 16. Nxd7 Qxd7 17. Bg3 Bd6 18. Red1 Bxg3 19. hxg3 Qe7 $11 {
1-0 Kacheishvili,G-Kaufman,L/Minneapolis USA 2005 (60)}) 11... Qb6 12. Qxb6
Nxb6 13. f3 Nfd7 14. Nxd7 $6 (14. e4 Bh7 (14... Nxe5 15. dxe5 $14) 15. Nd3 (15.
Nxd7) 15... e6 16. Be2 f6 17. Bg3 Be7 18. O-O g5 19. Bd1 c5 20. Nb5 Kf7 21. Rc1
c4 22. Nf2 $14 {Avrukh,B-Ni Hua/Beer Sheva,2005}) 14... Nxd7 15. e4 Bg6 $5 $146
(15... Bh7 16. d5 e5 17. O-O-O Bb4 18. dxc6 bxc6 19. Nb5 $1 $16 {Maksimenko,
A-Sedina,E/Bratto 2004}) 16. d5 (16. Bg3 e6 17. Bc4 Bb4 $11) 16... e5 (16... e6
17. O-O-O Bc5) 17. O-O-O Bc5 (17... Be7 $5 18. Bg3 Bc5) 18. Bc4 f6 19. Kb1 Nb6
$6 (19... Ke7 $11) 20. Bb3 Bf7 (20... Ke7 $5) 21. Rd3 O-O $6 (21... Ke7 22. Rc1
Rhc8) 22. Rhd1 (22. Rc1 $5 Rfc8 23. Be1 Bd4 $140 24. Ne2 cxd5 25. Rxc8+ Rxc8
26. Nxd4 exd4 27. Rxd4 dxe4 28. Bxf7+ Kxf7 29. Rxe4 $14) 22... Rab8 23. Be1
Rfc8 24. Ka2 (24. Rc1 $5) 24... Bb4 $2 (24... Kf8 25. Rc1 $5) (24... Nd7 $5 25.
Ne2 (25. dxc6 Bxb3+ 26. Kxb3 bxc6+ 27. Ka2 Bd4 $15 {Shipov}) 25... cxd5 26.
Rxd5 Nb6 27. R5d3 Nxa4 28. Bxa5 $11) 25. Bf2 Nd7 $2 (25... c5 26. Nb5 (26. R3d2
$5) 26... Kf8 (26... c4 27. Bxb6 cxd3 28. Rxd3 (28. d6 d2 29. Bc7 Kf8) 28...
Bc5 29. Bc7 $18) 27. Kb1 c4 28. Bxb6 cxd3 29. Rxd3 $44) 26. dxc6 (26. Ba7 $5
Nc5 27. Bxb8 Nxd3 28. Rxd3 Rxb8 29. dxc6 bxc6 30. Rd7 Bxb3+ 31. Kxb3 $16) 26...
Bxb3+ 27. Kxb3 bxc6 28. Rxd7 Bc5+ 29. Kc2 Bxf2 30. Ne2 h5 (30... c5 31. Nc3 Bd4
32. Nb5) 31. R1d3 h4 32. Rb3 Rxb3 33. Kxb3 {/\Kc2,Nc1-d3} h3 $2 34. gxh3 f5 $2
35. exf5 Rb8+ 36. Kc2 Rb4 37. Ng3 (37. b3 Rh4) 37... Rc4+ 38. Kd3 Rf4 (38...
Rxa4 39. Ne4 $16) 39. Ke2 $18 Bxg3 40. hxg3 Rxa4 41. Rb7 (41. Ke3 $5 Rb4 42.
Ra7) 41... Ra1 42. h4 Rh1 43. Ra7 Rh3 44. Kf2 Rh2+ 45. Ke3 Rh3 46. g4 Rxh4 47.
Rxa5 Rh2 48. Rxe5 Rxb2 49. Re8+ Kf7 50. Rc8 Rc2 51. Kf4 Kf6 52. g5+ Ke7 53. g6
Rc4+ 54. Kg5 1-0

[Event "Dortmund SuperGM 24th"]
[Site "Dortmund"]
[Date "1996.07.06"]
[Round "2"]
[White "Gelfand, Boris"]
[Black "Shirov, Alexei"]
[Result "1-0"]
[WhiteElo "2665"]
[BlackElo "2685"]
[Annotator "Gelfand,B"]
[PlyCount "57"]
[EventDate "1996.07.05"]
[EventType "tourn"]
[EventRounds "9"]
[EventCountry "GER"]
[EventCategory "18"]
[SourceTitle "CBM 054"]
[Source "ChessBase"]
[SourceDate "1996.10.01"]
[SourceVersion "1"]
[SourceVersionDate "1996.10.01"]
[SourceQuality "1"]

1. d4 {Petursson Ftacnik Dolmatov} d5 2. c4 c6 3. Nc3 Nf6 4. Nf3 dxc4 5. a4 Bf5
6. Ne5 e6 7. f3 c5 (7... Bb4 8. e4 Bxe4 9. fxe4 Nxe4 10. Bd2 Qxd4 11. Nxe4
Qxe4+ 12. Qe2 Bxd2+ 13. Kxd2 $16) 8. e4 cxd4 9. exf5 (9. Bxc4 $5 {Ftacnik} Qd6
10. Bb5+ Nbd7 11. Nc4 Qc5 $1 12. b4 Qc7 13. Qxd4 Bg6 14. e5 $1 Bxb4 $5 (14...
Nd5 15. Nxd5 exd5 16. Nd6+ Bxd6 17. exd6 Qxd6 18. Bf4 $36) 15. exf6 O-O 16. Ba3
$1 $8 Bxa3 17. Rxa3 $1 $8 Rfd8 18. Qd6 $1 Qc8 19. Ne5 $1 {1/2-1/2 Khalifman,
A-Salov,V/Wijk (03)/1991/ (29)}) 9... Bb4 {A very risky move, avoiding the
well known 9.....Nc6 which leads to a slight advantage for White.} (9... Nc6
10. Nxc6 bxc6 11. fxe6 fxe6 12. Bxc4 dxc3 13. bxc3 Nd5 (13... Qa5 14. Bd2 Nd5
15. Qe2 Kf7 16. O-O Bc5+ 17. Kh1 $14 {Salov-Smyslov,URS-55ch Moscow 1988}) 14.
Qd4 $14 {Huebner,R-Smyslov,V/Velden(m/7)/1983/}) 10. Bxc4 (10. fxe6 fxe6 11.
Bxc4 Qd6 12. Qe2 $40 {Tabatadze,T-Hoperia,Z/Budapest/1990/} (12. Qe2 dxc3 13.
O-O O-O 14. Rd1 Qc5+ 15. Kh1 Nc6 $1 16. Bxe6+ Kh8 17. Nf7+ Rxf7 18. Bxf7 c2 19.
Rf1 $8 Rf8 20. Bb3 (20. Ba2 $1 $14) 20... Nd4 21. Qc4 {1/2-1/2 Tabatadze,
T-Hoperia,Z/Budapest/1990/ (29)}) (12. Bf4 {Ftacnik} dxc3 13. Qxd6 cxb2+ 14.
Qxb4 bxa1=Q+ 15. Kf2 $13)) 10... Qd6 (10... dxc3 11. Qxd8+ Kxd8 12. O-O Ke7 13.
bxc3 (13. Nd3 cxb2 14. Bxb2 Nc6 15. Nxb4 Nxb4 16. Ba3 a5 17. fxe6 fxe6 18. Rfe1
Rhe8 19. Rxe6+ Kf8 20. Rb6 Rac8 21. Rxb4 axb4 22. Bxb4+ Re7 23. Bd3 {Genova,
R-Prochazkova,D/Brno ztW (03)/1989/1-0 (70)}) 13... Bc5+ 14. Kh1 Nbd7 15. Nxd7
Nxd7 16. fxe6 fxe6 17. Re1 Nf8 18. Bg5+ Kf7 19. Rad1 Be7 20. Bxe7 Kxe7 21. f4
h5 22. f5 Rh6 {1/2-1/2 Bouchaud,V-Trinh,R/Paris-ch (03)/1991/ (31)}) 11. Bb5+ (
11. Bf4 dxc3 12. Qxd6 cxb2+) 11... Nc6 {Alexei is following the game he played
against Kasparov in Dos Hermanas, but as I looked through this game I got
better a idea} 12. Bf4 $1 $146 (12. Nc4 Qc5 $2 (12... Qd8 $13) (12... Qd7 $13)
(12... Qd8 $5 $13) 13. Bd2 $18 {Kasparov+Shirov,96} (13. Bd2 O-O 14. Na2 Bxd2+
15. Qxd2 Ne7 16. Qb4 Qxb4+ 17. Nxb4 a6 18. Nb6 axb5 19. Nxa8 Rxa8 20. fxe6 bxa4
21. exf7+ Kxf7 22. Kd2 Ke6 23. Rhc1 Kd6 24. b3 b5 25. bxa4 bxa4 26. Rc4 {
1-0 Kasparov,G-Shirov,A/Dos Hermanas (03)/1996/ (30)})) 12... O-O (12... dxc3
13. Nxc6 bxc6 (13... Qxf4 14. Nxb4+ Ke7 15. Nd3) 14. Bxd6 c2+ 15. Bxb4 (15. Kf2
cxd1=N+ $3 16. Rhxd1 cxb5 17. Bxb4 bxa4) 15... cxd1=Q+ 16. Kxd1 (16. Rxd1 cxb5
17. axb5 $14) 16... cxb5 17. axb5 Kd7 18. fxe6+ fxe6 19. Bc5 $16) (12... Qc5
13. Nd3 $16 (13. Nd3 dxc3 (13... Qxf5 14. Nxb4 dxc3 15. Nxc6 $18) 14. Nxc5
cxb2+ 15. Bd2 bxa1=Q 16. Qxa1 Bxc5 17. Bxc6+ bxc6 18. Qc3 $18)) 13. Nxc6 Qxf4
14. Qxd4 {White is a bishop up, but his pieces lack coordination} (14. Nxb4
dxc3 15. bxc3 Qe3+ 16. Kf1 a6 $16 {/<=>} (16... Qxc3 17. Qe1)) 14... Bxc3+ (
14... Qxd4 15. Nxd4 $18) 15. bxc3 (15. Qxc3 Nd5 $13) 15... Qg5 (15... Qc7 16.
Qe5) 16. f4 {Playing for the initiative} (16. Ne7+ Kh8 17. O-O (17. Qd2 {
Petursson} Qxd2+ 18. Kxd2 a6 {and Black wins back the piece}) 17... a6 $132) (
16. Ne5 Rad8 $132 (16... Rfd8 {Petursson} 17. Qf2 Qxf5 {Here Black has some
compensation for the piece})) 16... Qxg2 17. O-O-O (17. Ne7+ Kh8 18. O-O-O a6
19. Bd3 Qa2 $132) 17... bxc6 (17... Nh5 18. Rhg1 Qa2 (18... Qxh2 19. Rh1 Qxf4+
20. Qxf4 Nxf4 21. Ne7+ Kh8 22. Rxh7+ Kxh7 23. Rh1+) 19. Nb4 Qxh2 20. Rh1 Qxf4+
21. Qxf4 Nxf4 22. fxe6 fxe6 $16) (17... Qa2 18. Nb4 $18) 18. Rhg1 Qxh2 (18...
e5 19. Qxe5 Ng4 20. Rxg2 Nxe5 21. Be2 $18) (18... Rad8 19. Rxg2 Rxd4 20. Rxd4
cxb5 21. axb5 $18) 19. Bxc6 (19. Rxg7+ Kxg7 20. Rg1+ Qxg1+ 21. Qxg1+ Kh8 22.
Bxc6 Rac8 $13) (19. Qxf6 Qxf4+ 20. Kb2 (20. Rd2 g6 21. Bxc6 Rac8 $15) 20... g6
$13 21. Bxc6 Rab8+) 19... Rac8 (19... Rab8 20. Rxg7+ (20. Rd2 Qh4) 20... Kxg7 (
20... Kh8 21. Rxh7+ Kxh7 22. Rh1 $18) 21. Rg1+ Qxg1+ 22. Qxg1+ Kh8 23. Qd4 (23.
Qxa7) (23. Qg5 {Dolmatov} Nd5 24. fxe6 (24. Bxd5 exd5 25. f6 Rg8) (24. c4 f6)
24... fxe6 25. Qe5+ Nf6) 23... Kg7 24. fxe6 fxe6 25. Qxa7+ $18) 20. Qxf6 Qxf4+
21. Kc2 g6 (21... Qf2+ 22. Kb1 g6 23. Rdf1 Qb6+ 24. Bb5 exf5 25. Qxb6 axb6 26.
Rxf5 Rxc3 27. Rf6 $18) (21... Qh2+ 22. Kb1 Rb8+ 23. Bb5) (21... Qxf5+ 22. Qxf5
exf5 23. Bd7 Rc5 24. Rdf1 Rd8 25. Rxf5 $16) 22. Rdf1 Qh2+ (22... Qc4 23. fxg6
Qa2+ 24. Kc1 Qa3+ 25. Kd2 Qb2+ (25... Rcd8+ 26. Ke3 Qc5+ 27. Ke2 Qh5+ 28. Bf3
$18) 26. Ke3 Qb6+ 27. Kd3 Qd8+ 28. Qxd8 Rfxd8+ 29. Kc2 hxg6 (29... Rxc6 30.
gxf7+ Kf8 31. Rg8+ $18) 30. Bb5 $16 (30. Bf3 $16)) 23. Rg2 Qh3 (23... Qh6 24.
fxe6 fxe6 25. Qxe6+ $18) 24. fxg6 fxg6 (24... hxg6 25. Rxg6+) 25. Rxg6+ hxg6
26. Qxg6+ Kh8 27. Rh1 Rf2+ 28. Kb3 Rb8+ 29. Ka3 (29. Ka3 Rh2 (29... Qxh1 30.
Bxh1 $18) 30. Qf6+ Kg8 31. Rg1+) 1-0

[Event "Tel Aviv int"]
[Site "Tel Aviv"]
[Date "2000.03.27"]
[Round "7"]
[White "Gershon, Alik"]
[Black "Postny, Evgeny"]
[Result "1-0"]
[WhiteElo "2471"]
[BlackElo "2420"]
[Annotator "Gershon,A"]
[PlyCount "81"]
[EventDate "2000.03.??"]
[EventType "tourn"]
[EventRounds "9"]
[EventCountry "ISR"]
[EventCategory "9"]
[SourceTitle "CBM 077"]
[Source "ChessBase"]
[SourceDate "2000.07.27"]
[SourceVersion "1"]
[SourceVersionDate "2000.07.27"]
[SourceQuality "1"]

1. d4 d5 2. c4 c6 3. Nc3 Nf6 4. Nf3 dxc4 5. a4 Bf5 6. Ne5 Nbd7 7. Nxc4 Qc7 8.
g3 e5 9. dxe5 Nxe5 10. Bf4 Nfd7 11. Bg2 f6 12. O-O Nc5 13. Ne3 Be6 {Black's
last word in this variation.} ({The first tries of black's in this line were
associated with:} 13... Bg6 14. b4 Ne6 (14... Rd8 15. Ned5 cxd5 16. bxc5 Bxc5
17. Nxd5 Qb8 18. Qb3 Bd6 19. Rfd1 Bf7 20. Qb5+ Kf8 21. Rab1 $16 {1-0 Bacrot,
E-Morovic Fernandez,I/Cap d'Agde 1998/EXT 99 (42)}) 15. b5 (15. a5 a6 16. Qa4
Nxf4 17. gxf4 Nd7 18. Ncd5 cxd5 19. Nxd5 Qd8 20. Rfd1 Rc8 21. Nb6 Rc7 22. Bh3
f5 {1-0 Ahlander,B-Engqvist,T/Stockholm 1999/CBM 73 no vc (22)}) 15... Rd8 16.
Qb3 Bf7 17. Bxe5 fxe5 18. bxc6 bxc6 19. Rab1 Nc5 (19... Nd4 20. Qb7 Bd6 21. Qa6
O-O 22. Nc4 Bc5 23. e3 Nc2 24. Rfc1 Nb4 25. Qa5 Qxa5 26. Nxa5 Bg6 27. Ne4 Bb6
28. Rxb4 $14 {1/2-1/2 Ivanov,S-Lastin,A/Vrnjacka Banja 1999/EXT 2000 (64)}) 20.
Qb4 Nb3 21. Qe4 Nd4 22. Nf5 Bg6 23. g4 Rc8 24. Rfc1 Bc5 25. Rb7 Qxb7 26. Qxe5+
Ne6 27. Qxe6+ Kf8 28. Ne4 $16 {1-0 Zontakh,A-Zhukova,N/Belgrade YUG 2000 (40)})
14. b4 Rd8 15. Qc2 ({another try to fight for an advantage is:} 15. Qb1 Nb3 16.
Ned5 cxd5 17. Qxb3 Qc4 18. Qxc4 Nxc4 19. Rfd1 Bxb4 20. Nxd5 Ba5 21. Rab1 Rd7
22. Rd4 (22. Rb5 $5) 22... Ne5 23. Rb5 Kf7 24. Bxe5 fxe5 25. Rd3 Rc8 $11 {
1/2-1/2 Hillarp Persson,T-Hector,J/York ENG 1999 (62)}) 15... Na6 16. b5 Nb4
17. Qe4 Bc5 18. bxc6 $146 {White's idea is to put hos rook on c1 rather than
on d1, creating an unpleasant tension along the 'c' file.} (18. Rad1 O-O 19.
Nc4 Rxd1 20. Rxd1 Bd5 21. Nxd5 cxd5 22. Rxd5 Nxd5 23. Qxd5+ Kh8 24. e3 ({
but not:} 24. Nxe5 $4 fxe5 25. Qxe5 Qxe5 26. Bxe5 Rxf2 $19) 24... Rd8 25. Bxe5
fxe5 26. Qe4 Rd1+ 27. Bf1 Be7 28. Kg2 Qd7 $1 {Black must trade queens.} 29. Na5
Qd5 30. Qxd5 Rxd5 31. Nxb7 Rd7 32. Na5 $14 {1/2-1/2 Anand,V-Morozevich,A/Wijk
aan Zee NED 2000/The Week in Chess 273 (37)}) (18. Rac1 Rd4 19. Qb1 O-O $11)
18... bxc6 19. Rac1 O-O ({of course not} 19... Rd4 20. Nb5 $18 {the idea
behind white's 18th move.}) 20. Nc4 Rd4 (20... Bxc4 21. Qxc4+ Nxc4 22. Bxc7 $16
) (20... Bd5 21. Bxe5 fxe5 22. Qxe5 Qf7 23. Nxd5 cxd5 24. Ne3 Rde8 25. Qg5 $16)
21. Bxe5 Rxe4 22. Bxc7 Rxc4 23. Ne4 Be7 24. a5 $1 {[%csl Ga7] A very important
move in white's plan, blocking the 'a7' pawn, thus making it weak either on a7
or a6.} Rxc1 $2 {Giving up the 'c' file too soon.} (24... Bd5 25. Rxc4 Bxc4 26.
Bf3 Nd5 27. Rc1 Bb5 28. Bd6 $14) (24... f5 $142 25. Bd6 (25. Nd6 $2 Rd4 26.
Rfd1 Rxd1+ 27. Rxd1 Na6 $19 {[%csl Gc7]}) 25... Bxd6 26. Nxd6 Rxc1 27. Rxc1 Rd8
28. Nb7 Rd2 29. e3 $14) 25. Rxc1 Bd5 26. Bf4 $1 {The bishop feels much better
on e3.} Rd8 27. Be3 f5 28. Nc5 Bxg2 29. Kxg2 Rb8 $2 (29... Nd5 $5 30. Bd2 (30.
Nb7 Nxe3+ 31. fxe3 Rc8 32. Kf3 Kf7 33. e4 $11) 30... Rb8 31. Nd3 c5 32. Kf3 Rb3
33. g4 fxg4+ 34. Kxg4 $14) 30. Nd3 $1 {[%csl Rc6]} Rb5 (30... Nxd3 31. exd3 Rb5
32. a6 c5 33. d4 Ra5 (33... cxd4 34. Bxd4 $18 {[%csl Ga7][%cal Gc1c8,Yc8c7,
Yc7h7,Yc7a7]}) 34. dxc5 Rxa6 35. c6 $18) 31. Nxb4 Bxb4 32. a6 c5 33. Rd1 {
[%csl Ra7][%cal Gd1d8,Yd8d7,Yd7a7]} c4 $2 ({black could put up more resistance
with:} 33... Ba5 34. Rd5 Bb6 35. Rxf5 Ra5 36. Kf3 $18) 34. Rd8+ Bf8 (34... Kf7
35. Rd7+ Ke6 36. Rb7 $1 Rxb7 37. axb7 Bd6 38. Bf4 $18) 35. Ra8 Ra5 36. Rxa7 c3
37. Ra8 c2 38. a7 Kf7 39. Rc8 Bc5 40. Rxc5 ({A bit more percise was} 40. Rc7+
Kf6 41. Rxc5 Rxa7 42. Rc6+ {[%csl Ga7]}) 40... Rxc5 (40... Rxa7 41. Rxc2 $18)
41. a8=Q 1-0

[Event "Nanjing Pearl Spring 3rd"]
[Site "Nanjing"]
[Date "2010.10.23"]
[Round "4"]
[White "Topalov, Veselin"]
[Black "Wang, Yue"]
[Result "1/2-1/2"]
[WhiteElo "2803"]
[BlackElo "2732"]
[Annotator "Giri,A"]
[PlyCount "69"]
[EventDate "2010.10.20"]
[EventType "tourn"]
[EventRounds "10"]
[EventCountry "CHN"]
[EventCategory "21"]
[SourceTitle "CBM 139"]
[Source "ChessBase"]
[SourceDate "2010.11.18"]
[SourceVersion "1"]
[SourceVersionDate "2010.11.18"]
[SourceQuality "1"]

1. d4 d5 2. c4 c6 3. Nf3 Nf6 4. Nc3 dxc4 5. a4 Bf5 {Rock solid. Wang Yue plays
the rock solid Slav.} 6. Ne5 {Not a surprise, Topalov chose this main move
from the World Championship match.} Nbd7 7. Nxc4 Nb6 8. Ne5 a5 {Wang Yue
probably thought that the ending Anand had gone for was too solid for him and
chose one of the other main systems. The third main system was played on the
next table, in Bacrot-Anand.} 9. e3 ({The other critical move,} 9. f3 {was
chosen by Topalov against the same opponent in Sofia last year. He then won a
brilliant game, but this time apparently both players had found an improvement
for Black.}) 9... Nbd7 $5 {This move is becoming popular due to the efforts of
the top Chinese players (all experts on the line) that switched from g6 after
Wang Yue has lost twice to Grischuk.} 10. Bd3 {Topalov tries to get some
advantage with simple play, but Wang Yue showed him that it's not so easy.} (
10. Qb3 $5 {is critical, trying to punish Black for his knight moves back and
forth. But if Topalov didn't choose it, there must be a reason for this. The
following line seems critical and was played in the latest game,
Hammer-Felgaer, from the Olympiad in Khanty.} Nxe5 11. dxe5 Nd7 12. e4 (12.
Qxb7 $5) 12... Be6 13. Qxb7 Rb8 14. Qa7 Nxe5 15. f4 Nd7 16. f5 Bb3 17. Bf4 Ra8
18. Qb7 e5 $1 19. fxe6 Bxe6 {with unclear play.}) 10... Bxd3 11. Nxd3 Qb6 $1 {
New move. Bu Xiangzhi played 11...Qc7 this year in Aeroflot, got under
pressure, but also drew. The point of the move is that it prevents e4. So it's
not clear for White what he should do now. Topalov finds an interesting
solution...} (11... Qc7 12. Qb3 $5 e6 13. e4 $14 {1/2-1/2 Rodshtein,M (2622)
-Bu Xiangzhi (2673)/Aeroflot 2010}) 12. Ra3 $5 {Creative, but it seems that it
doesn't give White any objective edge.} ({After the standard} 12. O-O e6 {
it's not clear how White should proceed in order to fight for any little
advantage.}) 12... e6 13. Rb3 Bb4 $1 {It seems a little tricky to put the
bishop under the pin, but White doesn't have time to exploit it.} 14. O-O c5 {
An essential move, that had to be played here or after short castle.} 15. dxc5
Nxc5 16. Nxc5 Qxc5 17. Na2 {Now Topalov gets the bishop, but no advantage.
Black is well developed and Wang Yue is in time to change everything.} O-O 18.
Rd3 Rac8 {Black could have played the position differently (for example b5!?),
but Wang Yue wanted to just change everything, to keep it safe.} 19. Nxb4 Qxb4
20. b3 Qc5 21. Bb2 Qc2 $1 {Just in time, otherwise White might have got some
pressure.} 22. Bxf6 Qxd1 23. Rfxd1 gxf6 24. Rd7 b5 $1 {The Chinese super-GM is
defending very energetically and precisely, though for a player of his class
such moves are played automatically.} 25. Ra7 Rc3 $1 26. Rxa5 Rb8 $1 {Very
exact, not giving Topalov any hope to press.} 27. Ra7 Rxb3 28. a5 Ra3 29. g4 b4
30. a6 b3 31. Rb7 Ra8 32. Rdd7 b2 33. Rxb2 R3xa6 34. Rbb7 Rf8 35. Kg2 1/2-1/2